LIBRARY & INFORMATION CENTRE, KCAET, TAVANUR

ONLINE PUBLIC ACCESS CATALOGUE (OPAC)

heat transfer / (Record no. 12368)

MARC details
000 -LEADER
fixed length control field 00435cam a2200169ua 4500
020 ## - INTERNATIONAL STANDARD BOOK NUMBER
ISBN 9788173714078
041 ## - LANGUAGE CODE
Language code of text/sound track or separate title eng
082 ## - DEWEY DECIMAL CLASSIFICATION NUMBER
Classification number 621.4022
Item number RAO/SO
100 ## - MAIN ENTRY--AUTHOR NAME
Personal name YVC, Rao .
245 ## - TITLE STATEMENT
Title heat transfer /
260 ## - PUBLICATION, DISTRIBUTION, ETC. (IMPRINT)
Place of publication Hyderabad :
Name of publisher Universities press India Pvt Ltd ,
Year of publication 2002.
300 ## - PHYSICAL DESCRIPTION
Number of Pages 177 ; .
942 ## - ADDED ENTRY ELEMENTS (KOHA)
Koha item type Books
Holdings
Withdrawn status Lost status Damaged status Home library Current library Date acquired Full call number Accession Number Koha item type
      KAUAET KAUAET 07/04/2012 621.4022 20893 Books
free website counter